Statistiques concernant Types de forêts en Europe sur une carte

Cliquez ici pour prendre le quiz!

Statistiques générales

  • Ce quiz a été pris 98 fois
  • Le résultat moyen est 3 sur 14

Réponses sur la Carte

Les réponses sont colorées sur une échelle allant du rouge au vert en fonction du pourcentage des utilisateurs qui les ont devinées à leur premier essai. Vous pouvez retrouver ces pourcentages ci-dessous.
 

Statistiques - réponses

Réponse% Correct
Forêts alpines de conifères
68%
Taïgas ou Forêts boréales
68%
Forêts méditerranéennes de conifères
40%
Forêts hémiboréales ou
némorales
32%
Forêts méditerranéennes de feuillus
26%
Forêts montagneuses de hêtres
22%
Forêts de chênes ou chênes-bouleaux
18%
Forêts non-fluviales d'aulnes, bouleaux ou trembles
14%
Forêts de hêtres
10%
Forêts marécageuses
10%
Forêts tempérées de feuillus
10%
Forêts de plaines inondables
6%
Forêts sempervirentes
6%
Plantations de Forêts exotiques
6%

Distribution des résultats

Percentile par nombre de réponses

% des personnes avec chaque résultat

Votre développement - résultats

Vous n’avez pas pris ce quiz